000 00856nam a2200229 i 4500
001 107216
003 ES-MaACL
005 20250726064430.0
007 t|
008 061121s1931 ag |||| | spa d
100 1 _aMorínigo, Marcos A.
_9148369
245 1 0 _aHispanismos en el guaraní /
_cMarcos A. Morinigo.
260 _aBuenos Aires :
_bFacultad de Filosofía y Letras de la Universidad,
_c1931.
300 _a432 p. ;
_c24 cm.
490 1 _aColección de estudios indigenistas ;
_v1
594 _aPrecede al tít.: Facultad de Filosofía y Letras de la Universidad de Buenos Aires. Instituto de Filología.
650 7 _aLengua guaraní
_2embne
_9162833
710 2 _aInstituto de Filología (Buenos Aires)
_94943
830 0 _aColección de estudios indigenistas ;
_v1
_9232882
852 _aES-MaACL
_jA-1196
999 _c107216
_d107216